Представление документа в формате MARC21

Поле Инд. ПП Название Значение
Тип записи a
Библиографический уровень m
001 Контрольный номер 1574ff90-e86b-4678-a1e6-950aaff14740
005 Дата корректировки 20140703141451.1
008 Кодируемые данные 051223
020 a ISBN 5-9221-0630-9
c Цена, тираж 210.00
040 a Служба первич. каталог. НБ ТвГУ
041 a Код языка текста rus
080 a Индекс УДК 519.1(075.8)
084 a Индекс другой классификации/Индекс ББК В174я73-1
090 x Авторский знак М16
a Полочн. индекс В174
100 1_ a Автор Макоха Анатолий Николаевич
245 10 a Заглавие Дискретная математика
b Продолж. заглавия учеб. пособие для студентов, обучающихся по направлению подгот. бакалавров и магистров 511600 - "Прикладные математика и физика"
c Ответственность А. Н. Макоха, П. А. Сахнюк, Н. И. Червяков
260 0_ a Место издания Москва
b Издательство Физматлит
c Дата издания 2005
300 a Объем 368 с.
b Иллюстрации/ тип воспроизводства ил.
504 a Библиография Библиогр.: с. 366-368.
583 a Действие Получение впервые 428 22.12.2005
k Исполнитель действия ООО "Книжный мир"
650 a Основная рубрика Дискретная математика
x Основная подрубрика Учебники для вузов
653 a Ключевые слова Дискретная математика
700 1_ a Другие авторы Сахнюк Павел Анатольевич
e Роль лиц авт.
700 1_ a Другие авторы Червяков Николай Иванович
e Роль лиц авт.
852 t Порядковый номер экземпляра 7
p Инвентарный номер 831726
p Инвентарный номер 831727
p Инвентарный номер 831728
p Инвентарный номер 831729
p Инвентарный номер 831730
p Инвентарный номер 831731
p Инвентарный номер 831732
863 t 00113874
863 t 00113875
863 t 00113876
863 t 00113877
863 t 00113878
863 t 00113879
863 t 00113880
888 a За счет средств университета
930 a Новая/Ретро учебники
952 p 428.2005 210.00 1 831726
p 428.2005 210.00 1 831727
p 428.2005 210.00 1 831728
p 428.2005 210.00 1 831729
p 428.2005 210.00 1 831730
p 428.2005 210.00 1 831731
p 428.2005 210.00 1 831732
c Вид литературы К ру
954 a Дата поступления на обработку 20051229
999 a Подразделение 2 Фил3